| 000 | 01428nam a2200181Ii 4500 | ||
|---|---|---|---|
| 008 | 221202s xx 000 0 und d | ||
| 245 | 0 | _aHuman Rights in the Age of Platforms | |
| 264 | 1 |
_aCambridge, MA _bThe MIT Press _c2019 |
|
| 300 | _a1 online resource | ||
| 336 |
_atext _btxt _2rdacontent |
||
| 337 |
_acomputer _bc _2rdamedia |
||
| 338 |
_aonline resource _bcr _2rdacarrier |
||
| 520 | _aToday such companies as Apple, Facebook, Google, Microsoft, and Twitter play an increasingly important role in how users form and express opinions, encounter information, debate, disagree, mobilize, and maintain their privacy. What are the human rights implications of an online domain managed by privately owned platforms? According to the Guiding Principles on Business and Human Rights, adopted by the UN Human Right Council in 2011, businesses have a responsibility to respect human rights and to carry out human rights due diligence. But this goal is dependent on the willingness of states to encode such norms into business regulations and of companies to comply. In this volume, contributors from across law and internet and media studies examine the state of human rights in today's platform society. | ||
| 653 | _aMedia & Communications | ||
| 700 | 1 | _aJørgensen, Rikke Frank | |
| 856 | _uhttps://library.oapen.org/bitstream/20.500.12657/24492/1/1005622.pdfhttp://library.oapen.org/handle/20.500.12657/24492 | ||
| 942 | _cE-BOOK | ||
| 999 |
_c63118 _d63118 |
||